Представление документа в формате RUSMARC

ПолеНазваниеЗначение
  Тип записи a
  Библиографический уровень c
001 Контрольный номер b27f50b20e524aec9912372c034fc3b4
005 Дата корректировки 20260618110422.6
010 Индекс ISBN __
a ISBN 978-5-9268-2220-2
d Цена 956-35
100 Данные общей обработки __
a Данные общей обработки 20220526d2021 c y0rusy028902 ca
101 Язык документа 0_
a Язык текста rus
102 Страна публикации __
a Страна публикации RU
105 Кодированные данные (монография) __
a Кодированные данные (монография) y z 000ay
181 Поле кодированных данных: вид содержания _0
a Код вида содержания (ISBD) i
182 Поле кодированных данных: тип средства _0
a Код типа средства (ISBD) n
200 Заглавие и сведения об ответственности 1_
a Заглавие Серебряное копытце
a Заглавие Медной горы хозяйка
f Первые сведения об ответственности Павел Бажов
203 Вид содержания и тип средства __
a Вид содержания Текст
c Тип средства непосредственный
210 Выходные данные 1_
a Место издания Москва
c Издательство Чинар
d Дата издания 2021
215 Физическое описание __
a Объем 35 с.
d Формат 21 см
225 Серия 2_
a Серия Круг чтения
e Сведения, относящиеся к заглавию серии издание для слабовидящих
330 Аннотация __
a Аннотация Много чудес хранят Уральские горы: распускается здесь неувядаемый каменный цветок, выползает из земли сверкающий змей, пляшет в огне костров девчонка-огневушка… И живёт на Урале козлик Серебряное копытце - в иллюстрациях Марины Успенской робкое, ранимое, трогательное волшебное существо. Не каждому он показывается, но кто ему приглянётся, с тем он поиграет и камнями самоцветными одарит…
333 Примечание о целевом назначении __
a Примечание о целевом назначении 6+. Для детей старше шести лет
606 Тематические рубрики __
2 Код системы nlr_sh
a Основная рубрика Художественная литература
606 Тематические рубрики __
2 Код системы nlr_sh
a Основная рубрика Русская литература XX в. (произведения)
610 Ключевые слова 0_
a Ключевые слова русская литература
610 Ключевые слова 0_
a Ключевые слова детская литература
610 Ключевые слова 0_
a Ключевые слова сказки
610 Ключевые слова 0_
a Ключевые слова детские сказки
610 Ключевые слова 0_
a Ключевые слова сказы
610 Ключевые слова 0_
a Ключевые слова уральские сказы
610 Ключевые слова 0_
a Ключевые слова книги для незрячих
610 Ключевые слова 0_
a Ключевые слова чтение для слабовидящих
686 Индексы других классификаций __
2 Код системы rubbks
a Классификационный индекс ст84(2=411.2)6-4я0
700 Автор _1
a Фамилия Бажов
b Имя П. П.
f Даты 1879-1950
g Полное личное имя Павел Петрович
4 Код отношения 070
801 Источник записи _0
a Страна RU
b Организация Муниципальное бюджетное учреждение культуры "Централизованная библиотечная система" г. Сургут (Центральная городская библиотека им. А. С. Пушкина)
c Дата составления 20220526
g Правила каталогизации PSBO
801 Источник записи _1
a Страна RU
b Организация Муниципальное бюджетное учреждение культуры "Централизованная библиотечная система" г. Сургут (Центральная городская библиотека им. А. С. Пушкина)
c Дата составления 20220526
g Правила каталогизации PSBO
852 Данные о местонахождении __
i Авторский знак Б 16
j Шифр хранения ст84(2=411.2)6-4я0
900 Макрообъекты __
a Макрообъекты Серебряное копытце. Медной горы хозяйка (для слабовидящих). П. Бажов, 2021
901 Тип документа __
a Ответственный КиК/Обаева
t Тип документа x
903 Характеристики (МАРС) __
a Дата передачи 20220526
c Наименование библиотеки (МАРС) Муниципальное бюджетное учреждение культуры "Централизованная библиотечная система" г. Сургут (Центральная городская библиотека им. А. С. Пушкина)
969 Тип издания __
a Тип издания спецформат
a Тип издания брошюра
a Тип издания издание для слепых
a Тип издания крупношрифтовое издание
a Тип издания издание для детей
990 Данные о заказе (DOS) __
j Количество экземпляров (DOS) 1
t N записи в КСУ для И/У (DOS) 202206